000 00407 a2200169 4500
001 70413
020 _a978853770353
040 _cAnchieta - Itaigara
100 _aViana, Antônio Klévisson
240 1 0 _aA história do barba-azul
_lpor
245 1 0 _aA história do barba-azul
300 _a22
362 0 _a2008
440 1 _aEscala Educacional
650 4 _aLiteratura infanto-juvenil
942 _cBK
999 _c70413
_d70413